La vie de Tupac - Statistiques

Statistiques générales
  • Ce quiz a été pris 57 fois
  • Le résultat moyen est 3 sur 15
Statistiques - réponses
Hint Réponse % Correct
Dans quelle ville a-t-il été attaqué au rez de chaussée d'un immeuble en 1994 ? New York
79%
Quel art pratiquait Tupac avant le rap ? Poésie/Danse
53%
Quelle est la date exacte de sa naissance ? 16 juin 1971
33%
Qui est la mère de Tupac ? Afeni Shakur
33%
Quel est l'avant dernier album de Tupac ? All Eyez On Me
33%
Quelle est sa date de décès ? 13 septembre 1996
30%
Avec qui est-ce que Tupac a échangé des lettres d'amour ? Madonna
21%
Quel est le dernier album de Tupac ? Makaveli
21%
Quel était le second auteur préféré de Tupac ? Machiavel
19%
Qui est-ce que Tupac interprète dans Juice (1992) ? Bishop
9%
Quel rappeur d'aujourd'hui est le némésis du rappeur qui se prend pour Tupac ? Drake
9%
Quel était le premier auteur préféré de Tupac ? Shakespeare
5%
Quel était le premier label de rap dans lequel Tupac a signé ? Interscope Records
2%
Quel était le point pivot (hors attaque en 1994) qui a déclenché le diss track "Hit 'em up" ? Rencontre à central park avec Nas
0%
D'ou vient le prénom Tupac ? Roi Inca
0%
Aucun quiz correspondant
Distribution des résultats
% des personnes avec chaque résultat
Percentile par nombre de réponses
Votre historique - résultats
Vous n’avez pas pris ce quiz